Normal view
MARC view
Entry Topical Term
001 - CONTROL NUMBER
- control field: 27050
003 - CONTROL NUMBER IDENTIFIER
- control field: OSt
005 - DATE AND TIME OF LATEST TRANSACTION
- control field: 20260603163141.0
008 - FIXED-LENGTH DATA ELEMENTS
- fixed length control field: 260603|| aca||aabn | a|a d
040 ## - CATALOGING SOURCE
- Original cataloging agency: OSt
- Transcribing agency: OSt
150 ## - HEADING--TOPICAL TERM
- Topical term or geographic name entry element: Multicultural Education- United States
670 ## - SOURCE DATA FOUND
- Source citation: Work cat.: (OSt)23173: Trentacosta Janet 27047, Multicultural and Gender Equity in the Mathematics Classroom the Gift of Diversity 1997 Yearbook, 1997
